| 000 | 00611nam a2200217Ia 4500 | ||
|---|---|---|---|
| 005 | 20250508160613.0 | ||
| 008 | 008 250505s9999 xx 000 0 eng d | ||
| 037 | _aTextual | ||
| 040 |
_aFEDL _beng _cFEDL |
||
| 041 |
_aeng _2eng |
||
| 084 |
_a001.422, NEI _qFEDL |
||
| 100 |
_aNeimark E D _987823 |
||
| 245 | 0 | _aStimulus sampling theory | |
| 260 |
_aSan Francisco _bHolden-Day _c1967 |
||
| 300 | _axvi,681p. | ||
| 490 | _aHolden-Day series in psychology | ||
| 650 | _aStatistical Methods | ||
| 700 |
_a Estes W K _9768898 |
||
| 942 |
_cTEXL _h001.422, NEI |
||
| 999 |
_c1365572 _d1365572 |
||